MERCOSUR a jeho postavenie vo svetovom hospodárstve bakalárska práca

Saved in:
Bibliographic Details
Main Author: Kislaň, Blanka
Corporate Author: Obchodná fakulta EU. Katedra medzinárodného obchodu
Other Authors: Medňanský, Ladislav
Format: Book
Language:Slovak
Published: Bratislava 2009
Tags: Add Tag
No Tags, Be the first to tag this record!

MARC

LEADER 00000nam$a2200000$$$4500
001 0103460
005 20240318133718.5
041 0 |a slo 
044 |a SK 
245 1 0 |a MERCOSUR a jeho postavenie vo svetovom hospodárstve  |b bakalárska práca  |c Blanka Kislaň ; škol. Ladislav Medňanský 
264 1 |a Bratislava  |c 2009 
300 |a 55 s. 
100 1 |a Kislaň, Blanka 
700 1 |a Medňanský, Ladislav 
710 2 |a Obchodná fakulta EU. Katedra medzinárodného obchodu